000 004750000a22001930004500
001 001919
003 MACL
005 20151201122009.0
008 151201b xxu||||| |||| 00| 0 eng d
040 _aMACL
_cMACL
041 _aEnglish
082 _a742
100 _aGrahame, Kenneth
_918860
245 _aThe Wind in the Willows
_cKenneth Grahame
260 _aSeema Publishing House,
_c2002
350 _a175
650 _aChildren's Book
_93410
942 _k742
_cBK
_2ddc
999 _c13835
_d13835